00530nam a2200169 45000010005000000030009000050050017000140080041000310400038000720820024001102450062001342600062001963000022002585050011002806500044002917000025003359566BD-DhUAP20200217105230.0200216r20021984bg mx p w 0 a0eng d aBD-DhAALcBD-DhAALbEngdBD-DhUAP00223a340.5492115 BAN00aBangladesh legal decision /cedited by Kazi Ebadul Haque. aDhaka :bBangladesh Bar Council,cc1984 [Reprinted 2002]. avolumes ;c26 cm. aV. 4-- aLawxPsychological aspectszBangladesh. aHaque, Kazi Ebadul.